[Event "ODJM B 2023"]
[Site "Willingen GER"]
[Date "2023.05.28"]
[Round "1"]
[White "Borgert, Alexander"]
[Black "Dorendorf, Mika"]
[Result "0-1"]
[Termination "normal"]
[Board "10"]
[WhiteElo "1516"]
[BlackElo "1782"]
[WhiteClock "01:18:32"]
[BlackClock "01:13:11"]
[PlyCount "80"]
[WhiteFideId "16289188"]
[BlackFideId "16283066"]
[EventCountry "GER"]
[EventRounds "9"]
[EventType "swiss"]
[EventDate "2023.05.27"]

1. d4 {[%clk 01:30:57] [%emt 00:00:03]} 1... d5 {[%clk 01:30:54] [%emt
00:00:06]} 2. c4 {[%clk 01:31:22] [%emt 00:00:05]} 2... e6 {[%clk 01:31:16]
[%emt 00:00:08]} 3. Nc3 {[%clk 01:31:45] [%emt 00:00:07]} 3... Nf6 {[%clk
01:31:42] [%emt 00:00:04]} 4. Nf3 {[%clk 01:32:04] [%emt 00:00:10]} 4... Be7
{[%clk 01:32:06] [%emt 00:00:07]} 5. Bg5 {[%clk 01:32:20] [%emt 00:00:14]} 5...
O-O {[%clk 01:32:18] [%emt 00:00:17]} 6. e3 {[%clk 01:32:44] [%emt 00:00:07]}
6... b6 {[%clk 01:32:40] [%emt 00:00:08]} 7. cxd5 {[%clk 01:32:43] [%emt
00:00:30]} 7... exd5 {[%clk 01:32:41] [%emt 00:00:30]} 8. Bd3 {[%clk 01:32:37]
[%emt 00:00:34]} 8... h6 {[%clk 01:32:53] [%emt 00:00:20]} 9. Bf4 {[%clk
01:33:01] [%emt 00:00:06]} 9... Bb7 {[%clk 01:32:48] [%emt 00:00:35]} 10. O-O
{[%clk 01:33:19] [%emt 00:00:12]} 10... Nbd7 {[%clk 01:33:05] [%emt 00:00:14]}
11. Rc1 {[%clk 01:33:04] [%emt 00:00:44]} 11... c5 {[%clk 01:33:13] [%emt
00:00:22]} 12. dxc5 {[%clk 01:32:59] [%emt 00:00:35]} 12... bxc5 {[%clk
01:32:59] [%emt 00:00:44]} 13. b3 {[%clk 01:32:47] [%emt 00:00:42]} 13... Rc8
{[%clk 01:32:53] [%emt 00:00:35]} 14. Nb5 {[%clk 01:32:32] [%emt 00:00:45]}
14... Qb6 {[%clk 01:30:04] [%emt 00:03:20]} 15. Qe2 {[%clk 01:32:11] [%emt
00:00:49]} 15... a6 {[%clk 01:27:34] [%emt 00:03:01]} 16. Nc3 {[%clk 01:32:03]
[%emt 00:00:38]} 16... Rfd8 {[%clk 01:25:58] [%emt 00:02:07]} 17. Na4 {[%clk
01:31:39] [%emt 00:00:54]} 17... Qa7 {[%clk 01:25:44] [%emt 00:00:44]} 18. Nb2
{[%clk 01:31:18] [%emt 00:00:50]} 18... Nh5 {[%clk 01:21:16] [%emt 00:04:59]}
19. Bg3 {[%clk 01:30:02] [%emt 00:01:45]} 19... Nxg3 {[%clk 01:21:36] [%emt
00:00:11]} 20. hxg3 {[%clk 01:30:21] [%emt 00:00:10]} 20... Bf6 {[%clk
01:21:46] [%emt 00:00:20]} 21. Rfe1 {[%clk 01:29:42] [%emt 00:01:09]} 21... Nb6
{[%clk 01:20:22] [%emt 00:01:54]} 22. Nd1 {[%clk 01:27:47] [%emt 00:02:25]}
22... c4 {[%clk 01:18:21] [%emt 00:02:32]} 23. bxc4 {[%clk 01:27:47] [%emt
00:00:30]} 23... dxc4 {[%clk 01:18:47] [%emt 00:00:03]} 24. Bxc4 {[%clk
01:27:46] [%emt 00:00:31]} 24... Bd5 {[%clk 01:19:06] [%emt 00:00:12]} 25. Nd2
{[%clk 01:25:34] [%emt 00:02:41]} 25... Qc7 {[%clk 01:19:03] [%emt 00:00:34]}
26. Rc2 {[%clk 01:22:15] [%emt 00:03:49]} 26... Nxc4 {[%clk 01:18:25] [%emt
00:01:08]} 27. e4 {[%clk 01:21:47] [%emt 00:00:58]} 27... Be6 {[%clk 01:18:33]
[%emt 00:00:23]} 28. Nxc4 {[%clk 01:20:44] [%emt 00:01:32]} 28... Bxc4 {[%clk
01:18:44] [%emt 00:00:19]} 29. Qf3 {[%clk 01:20:44] [%emt 00:00:28]} 29... Qa5
{[%clk 01:18:38] [%emt 00:00:38]} 30. Re3 {[%clk 01:20:16] [%emt 00:00:57]}
30... Bxa2 {[%clk 01:16:42] [%emt 00:02:27]} 31. Rxc8 {[%clk 01:20:32] [%emt
00:00:13]} 31... Rxc8 {[%clk 01:17:09] [%emt 00:00:04]} 32. Ra3 {[%clk
01:20:41] [%emt 00:00:21]} 32... Qe1+ {[%clk 01:17:38] [%emt 00:00:02]} 33. Kh2
{[%clk 01:20:41] [%emt 00:00:28]} 33... Bc4 {[%clk 01:16:48] [%emt 00:01:20]}
34. Ne3 {[%clk 01:20:51] [%emt 00:00:19]} 34... Bb5 {[%clk 01:17:02] [%emt
00:00:17]} 35. Nd5 {[%clk 01:20:52] [%emt 00:00:28]} 35... Bg5 {[%clk 01:16:33]
[%emt 00:01:01]} 36. e5 {[%clk 01:19:16] [%emt 00:02:05]} 36... Rc1 {[%clk
01:16:27] [%emt 00:00:37]} 37. Nf6+ {[%clk 01:18:24] [%emt 00:01:21]} 37...
Bxf6 {[%clk 01:16:31] [%emt 00:00:27]} 38. Qa8+ {[%clk 01:18:41] [%emt
00:00:13]} 38... Kh7 {[%clk 01:16:55] [%emt 00:00:05]} 39. Qh8+ {[%clk
01:18:12] [%emt 00:01:00]} 39... Kxh8 {[%clk 01:17:16] [%emt 00:00:09]} 40.
exf6 {[%clk 01:18:32] [%emt 00:00:09]} 40... Qh1# {[%clk 01:13:11] [%emt
00:00:02]} 0-1

[Event "ODJM B 2023"]
[Site "Willingen GER"]
[Date "2023.05.28"]
[Round "1"]
[White "Pimenov, Danil"]
[Black "Clauß, Annika"]
[Result "1-0"]
[Termination "normal"]
[Board "11"]
[WhiteElo "1488"]
[BlackElo "1466"]
[WhiteClock "00:29:46"]
[BlackClock "00:00:41"]
[PlyCount "83"]
[WhiteFideId "34600248"]
[BlackFideId "16261380"]
[EventCountry "GER"]
[EventRounds "9"]
[EventType "swiss"]
[EventDate "2023.05.27"]

1. e4 {[%clk 01:30:57] [%emt 00:00:02]} 1... c5 {[%clk 01:30:53] [%emt
00:00:07]} 2. Nf3 {[%clk 01:31:24] [%emt 00:00:04]} 2... d6 {[%clk 01:31:16]
[%emt 00:00:07]} 3. d4 {[%clk 01:31:51] [%emt 00:00:04]} 3... cxd4 {[%clk
01:31:36] [%emt 00:00:09]} 4. Nxd4 {[%clk 01:32:15] [%emt 00:00:06]} 4... Nf6
{[%clk 01:32:00] [%emt 00:00:06]} 5. Nc3 {[%clk 01:32:42] [%emt 00:00:03]} 5...
g6 {[%clk 01:32:20] [%emt 00:00:10]} 6. Be3 {[%clk 01:32:47] [%emt 00:00:24]}
6... Bg7 {[%clk 01:32:38] [%emt 00:00:12]} 7. Be2 {[%clk 01:33:07] [%emt
00:00:08]} 7... Nc6 {[%emt 00:00:20]} 8. Qd2 {[%clk 01:32:58] [%emt 00:00:38]}
8... Bd7 {[%clk 01:32:49] [%emt 00:00:33]} 9. O-O {[%clk 01:32:39] [%emt
00:00:49]} 9... O-O {[%clk 01:32:30] [%emt 00:00:49]} 10. f4 {[%clk 01:32:17]
[%emt 00:00:52]} 10... Rc8 {[%clk 01:24:21] [%emt 00:08:39]} 11. Rad1 {[%clk
01:24:33] [%emt 00:08:14]} 11... a6 {[%clk 01:18:26] [%emt 00:06:25]} 12. Bf3
{[%clk 01:21:37] [%emt 00:03:26]} 12... Na5 {[%clk 01:05:31] [%emt 00:13:25]}
13. b3 {[%clk 01:19:04] [%emt 00:03:03]} 13... Ng4 {[%clk 00:53:06] [%emt
00:12:54]} 14. Bxg4 {[%clk 01:19:16] [%emt 00:00:19]} 14... Bxg4 {[%clk
00:53:27] [%emt 00:00:08]} 15. Rde1 {[%clk 01:18:10] [%emt 00:01:36]} 15... Bd7
{[%clk 00:52:26] [%emt 00:01:32]} 16. Nce2 {[%clk 01:16:17] [%emt 00:02:22]}
16... b5 {[%clk 00:49:48] [%emt 00:03:08]} 17. f5 {[%clk 01:15:24] [%emt
00:01:24]} 17... Nc6 {[%clk 00:49:10] [%emt 00:01:08]} 18. Ng3 {[%clk 01:14:00]
[%emt 00:01:54]} 18... Nxd4 {[%clk 00:44:04] [%emt 00:05:36]} 19. Bxd4 {[%clk
01:14:24] [%emt 00:00:06]} 19... Bxd4+ {[%clk 00:40:11] [%emt 00:04:23]} 20.
Qxd4 {[%clk 01:14:49] [%emt 00:00:05]} 20... Rxc2 {[%clk 00:39:14] [%emt
00:01:27]} 21. f6 {[%clk 01:13:23] [%emt 00:01:55]} 21... Rc6 {[%clk 00:37:43]
[%emt 00:02:02]} 22. Kh1 {[%clk 01:08:00] [%emt 00:05:53]} 22... exf6 {[%clk
00:34:47] [%emt 00:03:26]} 23. Rxf6 {[%clk 01:08:18] [%emt 00:00:12]} 23... Be6
{[%clk 00:34:54] [%emt 00:00:22]} 24. h4 {[%clk 01:04:53] [%emt 00:03:55]}
24... Qb6 {[%clk 00:32:18] [%emt 00:03:07]} 25. Qd2 {[%clk 01:04:29] [%emt
00:00:53]} 25... Bg4 {[%clk 00:22:59] [%emt 00:09:49]} 26. h5 {[%clk 01:01:02]
[%emt 00:03:58]} 26... Qc5 {[%clk 00:19:18] [%emt 00:04:11]} 27. hxg6 {[%clk
00:58:30] [%emt 00:03:01]} 27... hxg6 {[%clk 00:19:05] [%emt 00:00:43]} 28. Qf4
{[%clk 00:56:02] [%emt 00:02:59]} 28... Bh5 {[%clk 00:14:28] [%emt 00:05:06]}
29. Rf1 {[%clk 00:55:14] [%emt 00:01:19]} 29... g5 {[%clk 00:14:30] [%emt
00:00:27]} 30. Qd2 {[%clk 00:54:33] [%emt 00:01:11]} 30... Bg6 {[%clk 00:14:52]
[%emt 00:00:08]} 31. Nf5 {[%clk 00:54:27] [%emt 00:00:35]} 31... Qe5 {[%clk
00:08:46] [%emt 00:06:38]} 32. Qxg5 {[%clk 00:54:00] [%emt 00:00:57]} 32... Rc7
{[%clk 00:08:10] [%emt 00:01:06]} 33. Nh6+ {[%clk 00:47:02] [%emt 00:07:27]}
33... Kg7 {[%clk 00:07:38] [%emt 00:01:02]} 34. Nf5+ {[%clk 00:41:02] [%emt
00:06:31]} 34... Kg8 {[%clk 00:07:57] [%emt 00:00:11]} 35. Rxd6 {[%clk
00:40:44] [%emt 00:00:48]} 35... Kh7 {[%clk 00:06:11] [%emt 00:02:15]} 36. Rd5
{[%clk 00:29:31] [%emt 00:11:43]} 36... Qh8 {[%clk 00:03:42] [%emt 00:02:59]}
37. Rf3 {[%clk 00:29:39] [%emt 00:00:23]} 37... Qa1+ {[%clk 00:00:42] [%emt
00:03:30]} 38. Kh2 {[%clk 00:30:00] [%emt 00:00:08]} 38... Qc1 {[%clk 00:01:03]
[%emt 00:00:09]} 39. Qf6 {[%clk 00:28:47] [%emt 00:01:43]} 39... Bxf5 {[%clk
00:01:03] [%emt 00:00:30]} 40. Rdxf5 {[%clk 00:29:03] [%emt 00:00:14]} 40...
Rc6 {[%clk 00:00:35] [%emt 00:00:59]} 41. Rh3+ {[%clk 00:29:24] [%emt
00:00:09]} 41... Kg8 {[%clk 00:00:41] [%emt 00:00:24]} 42. Rh8# {[%clk
00:29:46] [%emt 00:00:07]} 1-0

[Event "ODJM B 2023"]
[Site "Willingen GER"]
[Date "2023.05.28"]
[Round "1"]
[White "Reger, Christoph"]
[Black "Laag, Pascal"]
[Result "0-1"]
[Termination "normal"]
[Board "12"]
[WhiteElo "1129"]
[BlackElo "1642"]
[WhiteClock "00:05:57"]
[BlackClock "00:13:52"]
[PlyCount "118"]
[WhiteFideId "16287606"]
[BlackFideId "16256069"]
[EventCountry "GER"]
[EventRounds "9"]
[EventType "swiss"]
[EventDate "2023.05.27"]

1. d4 {[%clk 01:30:58] [%emt 00:00:02]} 1... Nf6 {[%clk 01:30:43] [%emt
00:00:17]} 2. Bf4 {[%clk 01:31:21] [%emt 00:00:06]} 2... c5 {[%clk 01:30:37]
[%emt 00:00:37]} 3. e3 {[%clk 01:30:43] [%emt 00:01:09]} 3... d5 {[%clk
01:29:15] [%emt 00:01:52]} 4. c3 {[%clk 01:30:53] [%emt 00:00:19]} 4... e6
{[%clk 01:28:56] [%emt 00:00:49]} 5. Nd2 {[%clk 01:31:15] [%emt 00:00:08]} 5...
Nc6 {[%clk 01:28:17] [%emt 00:01:10]} 6. Ngf3 {[%clk 01:30:56] [%emt 00:00:48]}
6... Be7 {[%clk 01:27:26] [%emt 00:01:21]} 7. Bd3 {[%clk 01:31:14] [%emt
00:00:12]} 7... O-O {[%clk 01:25:30] [%emt 00:02:26]} 8. Ne5 {[%clk 01:28:22]
[%emt 00:03:22]} 8... Qb6 {[%clk 01:22:20] [%emt 00:03:41]} 9. Rb1 {[%clk
01:26:41] [%emt 00:02:10]} 9... Bd7 {[%clk 01:18:58] [%emt 00:03:53]} 10. g4
{[%clk 01:25:19] [%emt 00:01:51]} 10... Nxe5 {[%clk 01:17:01] [%emt 00:02:28]}
11. dxe5 {[%clk 01:23:51] [%emt 00:01:55]} 11... Ne8 {[%clk 01:15:57] [%emt
00:01:36]} 12. g5 {[%clk 01:20:44] [%emt 00:03:37]} 12... g6 {[%clk 01:10:37]
[%emt 00:05:51]} 13. h4 {[%clk 01:20:44] [%emt 00:00:30]} 13... Ng7 {[%clk
01:10:40] [%emt 00:00:27]} 14. h5 {[%clk 01:19:46] [%emt 00:01:26]} 14... Nf5
{[%clk 01:10:32] [%emt 00:00:39]} 15. Qf3 {[%clk 01:17:35] [%emt 00:02:40]}
15... Kg7 {[%clk 00:58:21] [%emt 00:27:44]} 16. c4 16... dxc4 {[%clk 00:56:28]
[%emt 00:07:51]} 17. Nxc4 17... Qb4+ {[%emt 00:03:10]} 18. Ke2 {[%clk 00:55:13]
[%emt 00:00:40]} 18... Bc6 {[%clk 00:52:24] [%emt 00:06:37]} 19. Qh3 19... Bxh1
{[%clk 00:51:39] [%emt 00:09:22]} 20. hxg6 20... hxg6 {[%clk 00:48:59] [%emt
00:07:14]} 21. a3 21... Qb3 {[%clk 00:47:21] [%emt 00:06:37]} 22. Qxh1 22...
Rh8 {[%clk 00:45:58] [%emt 00:07:49]} 23. Qg2 23... Rad8 {[%clk 00:35:19] [%emt
00:02:16]} 24. Qe4 24... Rd7 {[%clk 00:33:22] [%emt 00:16:45]} 25. Na5 25...
Qd5 {[%clk 00:33:34] [%emt 00:03:48]} 26. Qxd5 26... exd5 {[%clk 00:31:30]
[%emt 00:01:16]} 27. e6 27... Rdd8 {[%clk 00:28:55] [%emt 00:05:04]} 28. Nxb7
28... Rc8 {[%clk 00:26:45] [%emt 00:04:32]} 29. Bb5 29... Rh4 {[%clk 00:26:27]
[%emt 00:03:31]} 30. Bd7 30... Rch8 {[%clk 00:25:16] [%emt 00:05:04]} 31. Be5+
31... f6 {[%clk 00:25:36] [%emt 00:02:03]} 32. gxf6+ 32... Bxf6 {[%emt
00:00:25]} 33. Bxf6+ {[%clk 00:18:40] [%emt 00:00:03]} 33... Kxf6 {[%clk
00:25:28] [%emt 00:00:17]} 34. Nxc5 34... Rc4 {[%clk 00:20:44] [%emt 00:05:51]}
35. Nd3 35... Rhh4 {[%clk 00:20:00] [%emt 00:07:34]} 36. b3 36... Rc2+ {[%emt
00:02:43]} 37. Kd1 {[%clk 00:10:55] [%emt 00:00:56]} 37... Ra2 {[%clk 00:18:29]
[%emt 00:01:28]} 38. Rb2 38... Rxa3 {[%clk 00:10:53] [%emt 00:04:39]} 39. Nf4
39... Ra1+ {[%clk 00:10:31] [%emt 00:11:12]} 40. Kd2 40... Ne7 {[%clk 00:09:44]
[%emt 00:02:32]} 41. Kd3 41... g5 {[%clk 00:08:15] [%emt 00:02:22]} 42. Ne2
42... Rd1+ {[%clk 00:07:03] [%emt 00:03:17]} 43. Rd2 {[%clk 00:03:30]} 43...
Rxd2+ {[%clk 00:07:03]} 44. Kxd2 {[%clk 00:03:30] [%emt 00:01:53]} 44... Nf5
{[%clk 00:05:46] [%emt 00:01:41]} 45. Nc3 {[%clk 00:30:00]} 45... Ke5 {[%clk
00:35:36] [%emt 00:04:53]} 46. Kd3 {[%clk 00:26:08]} 46... Rb4 {[%clk 00:29:59]
[%emt 00:04:54]} 47. f3 47... Ne7 {[%clk 00:27:36] [%emt 00:08:59]} 48. Kc2
48... a6 {[%clk 00:26:35] [%emt 00:05:13]} 49. Na2 49... Rb8 {[%clk 00:26:47]
[%emt 00:03:05]} 50. Kc3 50... Rf8 {[%clk 00:27:00] [%emt 00:02:37]} 51. f4+
{[%clk 00:19:48]} 51... gxf4 {[%clk 00:24:22]} 52. exf4+ 52... Rxf4 {[%emt
00:00:30]} 53. Nb4 {[%clk 00:18:55] [%emt 00:01:05]} 53... Rf3+ {[%clk
00:23:24] [%emt 00:03:30]} 54. Kc2 54... a5 {[%emt 00:06:11]} 55. Nd3+ {[%emt
00:00:29]} 55... Kd4 {[%clk 00:23:17] [%emt 00:00:10]} 56. Bb5 {[%clk 00:12:25]
[%emt 00:00:15]} 56... Nc8 {[%clk 00:18:42] [%emt 00:05:05]} 57. Kd2 {[%clk
00:11:28] [%emt 00:01:27]} 57... Nd6 {[%clk 00:17:55] [%emt 00:01:17]} 58. e7
{[%clk 00:09:43] [%emt 00:02:15]} 58... Re3 {[%clk 00:16:57] [%emt 00:01:28]}
59. Nf4 {[%clk 00:05:57] [%emt 00:04:16]} 59... Nxb5 {[%clk 00:13:52] [%emt
00:03:36]} 0-1

[Event "ODJM B 2023"]
[Site "Willingen GER"]
[Date "2023.05.28"]
[Round "1"]
[White "John, Niklas"]
[Black "Ginschel, Leonhard"]
[Result "1/2-1/2"]
[Termination "normal"]
[Board "13"]
[WhiteElo "1652"]
[BlackElo "1376"]
[WhiteClock "00:11:01"]
[BlackClock "00:13:55"]
[PlyCount "84"]
[WhiteFideId "16234626"]
[BlackFideId "16290917"]
[EventCountry "GER"]
[EventRounds "9"]
[EventType "swiss"]
[EventDate "2023.05.27"]

1. e4 {[%clk 01:30:52] [%emt 00:00:06]} 1... e5 {[%clk 01:30:57] [%emt
00:00:04]} 2. Nf3 {[%clk 01:31:09] [%emt 00:00:13]} 2... Nc6 {[%emt 00:00:07]}
3. Bc4 {[%clk 01:31:28] [%emt 00:00:10]} 3... Bc5 {[%clk 01:31:46] [%emt
00:00:05]} 4. d3 {[%clk 01:31:20] [%emt 00:00:38]} 4... Nf6 {[%clk 01:32:09]
[%emt 00:00:07]} 5. O-O {[%clk 01:31:14] [%emt 00:00:36]} 5... d6 {[%clk
01:32:31] [%emt 00:00:07]} 6. c3 {[%clk 01:31:19] [%emt 00:00:26]} 6... a6
{[%clk 01:32:21] [%emt 00:00:40]} 7. Bb3 {[%clk 01:29:55] [%emt 00:01:54]} 7...
Ba7 {[%clk 01:32:42] [%emt 00:00:09]} 8. Re1 {[%clk 01:29:12] [%emt 00:01:13]}
8... h6 {[%clk 01:26:12] [%emt 00:06:59]} 9. Nbd2 {[%clk 01:27:25] [%emt
00:02:17]} 9... Ne7 {[%clk 01:24:48] [%emt 00:01:55]} 10. Nf1 {[%clk 01:24:40]
[%emt 00:03:15]} 10... Ng6 {[%clk 01:23:40] [%emt 00:01:38]} 11. Ng3 {[%clk
01:23:40] [%emt 00:01:29]} 11... O-O {[%clk 01:23:41] [%emt 00:00:29]} 12. d4
{[%clk 01:18:24] [%emt 00:05:47]} 12... c6 {[%clk 01:19:03] [%emt 00:05:08]}
13. Bc2 {[%clk 01:08:53] [%emt 00:10:01]} 13... Bg4 {[%clk 01:11:18] [%emt
00:08:15]} 14. Be3 {[%clk 01:03:01] [%emt 00:06:22]} 14... d5 {[%clk 00:57:17]
[%emt 00:14:30]} 15. h3 {[%clk 00:42:35] [%emt 00:20:57]} 15... Bxf3 {[%clk
00:54:52] [%emt 00:02:55]} 16. Qxf3 {[%clk 00:42:54] [%emt 00:00:11]} 16...
dxe4 {[%clk 00:54:33] [%emt 00:00:49]} 17. Nxe4 {[%clk 00:41:24] [%emt
00:02:00]} 17... Nxe4 {[%clk 00:53:21] [%emt 00:01:42]} 18. Bxe4 {[%clk
00:38:39] [%emt 00:03:16]} 18... exd4 {[%clk 00:51:41] [%emt 00:02:09]} 19.
cxd4 {[%clk 00:36:46] [%emt 00:02:23]} 19... Re8 {[%clk 00:36:26] [%emt
00:15:45]} 20. Rad1 {[%clk 00:29:59] [%emt 00:07:17]} 20... Nh4 {[%clk
00:21:03] [%emt 00:15:53]} 21. Qg4 {[%clk 00:22:21] [%emt 00:08:07]} 21... h5
{[%clk 00:12:23] [%emt 00:09:09]} 22. Bh7+ {[%clk 00:19:10] [%emt 00:03:42]}
22... Kxh7 {[%clk 00:11:39] [%emt 00:01:15]} 23. Qxh5+ {[%clk 00:18:57] [%emt
00:00:43]} 23... Kg8 {[%clk 00:11:27] [%emt 00:00:42]} 24. Bg5 {[%clk 00:18:16]
[%emt 00:01:11]} 24... Rxe1+ {[%clk 00:11:04] [%emt 00:00:53]} 25. Rxe1 {[%clk
00:18:23] [%emt 00:00:22]} 25... Qa5 {[%clk 00:10:15] [%emt 00:01:20]} 26. Re5
{[%clk 00:12:26] [%emt 00:06:26]} 26... Qxa2 {[%clk 00:07:38] [%emt 00:03:07]}
27. Qxh4 {[%clk 00:03:56] [%emt 00:09:00]} 27... Qb1+ {[%clk 00:07:49] [%emt
00:00:19]} 28. Kh2 {[%clk 00:04:19] [%emt 00:00:07]} 28... Bb8 {[%clk 00:08:04]
[%emt 00:00:16]} 29. Qg3 {[%clk 00:01:40] [%emt 00:03:09]} 29... Bxe5 {[%clk
00:07:23] [%emt 00:01:10]} 30. dxe5 {[%clk 00:01:18] [%emt 00:00:52]} 30... Qg6
{[%clk 00:05:53] [%emt 00:02:00]} 31. h4 {[%clk 00:01:18] [%emt 00:00:30]}
31... b5 {[%clk 00:05:19] [%emt 00:01:05]} 32. Qg4 {[%clk 00:00:41] [%emt
00:01:07]} 32... Qe6 {[%clk 00:04:40] [%emt 00:01:09]} 33. Qg3 {[%clk 00:00:49]
[%emt 00:00:21]} 33... Kf8 {[%clk 00:03:59] [%emt 00:01:11]} 34. h5 {[%clk
00:00:32] [%emt 00:00:48]} 34... Rc8 {[%clk 00:03:23] [%emt 00:01:06]} 35. h6
{[%clk 00:00:33] [%emt 00:00:29]} 35... gxh6 {[%clk 00:03:36] [%emt 00:00:17]}
36. Bf6 {[%clk 00:00:34] [%emt 00:00:29]} 36... c5 {[%clk 00:02:42] [%emt
00:01:23]} 37. f4 {[%clk 00:00:32] [%emt 00:00:32]} 37... h5 {[%clk 00:01:19]
[%emt 00:01:54]} 38. Qd3 {[%clk 00:00:39] [%emt 00:00:23]} 38... Ke8 {[%clk
00:01:37] [%emt 00:00:12]} 39. Qh7 {[%clk 00:00:32] [%emt 00:00:37]} 39... Qg4
{[%clk 00:01:22] [%emt 00:00:44]} 40. Qe4 {[%clk 00:00:32] [%emt 00:00:31]}
40... Qe6 {[%clk 00:00:55] [%emt 00:00:57]} 41. Qh7 {[%clk 00:24:22] [%emt
00:06:39]} 41... Qg4 {[%clk 00:26:05] [%emt 00:05:21]} 42. f5 {[%clk 00:11:01]
[%emt 00:13:51]} 42... Qf4+ {[%clk 00:13:55] [%emt 00:12:39]} 1/2-1/2